[Event "24. Copenhagen Open  (Politiken Cup)"]
[Site "Copenhagen"]
[Date "2002.07.15"]
[Round "1"]
[White "Aaberg, Anton"]
[Black "Hansen, Poul Elgaard"]
[Result "1-0"]
[WhiteElo "2408"]
[BlackElo "2003"]
[PlyCount "73"]
[EventDate "2002.07.15"]
[EventType "swiss"]
[EventRounds "11"]
[EventCountry "DEN"]
[SourceDate "2004.01.01"]

1. d4 Nf6 2. c4 e6 3. Nc3 d5 4. Nf3 c6 5. g3 Be7 6. Bg2 Nbd7 7. O-O O-O 8. Qc2
Qa5 9. cxd5 Nxd5 10. e4 Nxc3 11. bxc3 Nf6 12. c4 Qh5 13. e5 Nd7 14. h3 c5 15.
g4 Qg6 16. Qxg6 hxg6 17. d5 f6 18. d6 Bd8 19. Rd1 Rb8 20. Rb1 b6 21. Re1 Re8
22. Rb3 Bb7 23. exf6 gxf6 24. Ra3 a5 25. g5 f5 26. Bf4 Kf7 27. Ne5+ Nxe5 28.
Bxe5 Bxg2 29. d7 Re7 30. Bxb8 Bc6 31. Rd1 Rxd7 32. Rxd7+ Bxd7 33. Rd3 Ke7 34.
Be5 Ke8 35. h4 Bc6 36. h5 Bxg5 37. hxg6 1-0

[Event "24. Copenhagen Open  (Politiken Cup)"]
[Site "Copenhagen"]
[Date "2002.07.15"]
[Round "1"]
[White "Adamski, Jan"]
[Black "Norton, Craig"]
[Result "1/2-1/2"]
[WhiteElo "2304"]
[BlackElo "1832"]
[PlyCount "57"]
[EventDate "2002.07.15"]
[EventType "swiss"]
[EventRounds "11"]
[EventCountry "DEN"]
[SourceDate "2004.01.01"]

1. d4 Nf6 2. Bg5 e6 3. e4 h6 4. Bxf6 Qxf6 5. Nc3 Bb4 6. Qd2 d5 7. e5 Qd8 8. f4
c5 9. Nf3 Qa5 10. dxc5 Qxc5 11. Nd4 a6 12. a3 Bxc3 13. Qxc3 Qxc3+ 14. bxc3 b5
15. a4 bxa4 16. Rxa4 Bd7 17. Ra5 O-O 18. Bd3 Nc6 19. Nxc6 Bxc6 20. Rxa6 Rxa6
21. Bxa6 Ra8 22. Be2 Bb5 23. Rf1 Bxe2 24. Kxe2 Rc8 25. Kd3 Rc4 26. g3 Re4 27.
Rb1 Kf8 28. Rb8+ Ke7 29. Rb7+ 1/2-1/2

[Event "24. Copenhagen Open  (Politiken Cup)"]
[Site "Copenhagen"]
[Date "2002.07.15"]
[Round "1"]
[White "Andersen, Ib Hother"]
[Black "Li, Mike"]
[Result "1/2-1/2"]
[WhiteElo "2160"]
[BlackElo "1475"]
[PlyCount "120"]
[EventDate "2002.07.15"]
[EventType "swiss"]
[EventRounds "11"]
[EventCountry "DEN"]
[SourceDate "2004.01.01"]

1. e4 e5 2. Nf3 Nc6 3. Bb5 a6 4. Ba4 Nf6 5. O-O Be7 6. Re1 b5 7. Bb3 d6 8. c3
O-O 9. h3 Na5 10. Bc2 c5 11. d4 cxd4 12. cxd4 Qc7 13. b3 Rd8 14. Bb2 Nc6 15.
Nbd2 Bb7 16. Rc1 Bf8 17. Bb1 Qe7 18. Nf1 Qe8 19. Ne3 Ne7 20. d5 Rac8 21. Nh2
Ng6 22. Nhg4 Nxg4 23. Qxg4 Rxc1 24. Bxc1 Bc8 25. Qd1 Nf4 26. Nf5 g6 27. Bxf4
exf4 28. Nd4 Bd7 29. Qd2 Qe5 30. Rc1 Qg5 31. Nf3 Qf6 32. Qd4 Bg7 33. Qb6 g5 34.
Qxa6 g4 35. hxg4 Bxg4 36. Qxb5 Bxf3 37. gxf3 Qg5+ 38. Kf1 Qh5 39. Ke2 Qe5 40.
Qd3 Rb8 41. Rc4 h5 42. Qc2 h4 43. Rc8+ Rxc8 44. Qxc8+ Kh7 45. a4 Qb2+ 46. Bc2
Bc3 47. Kd3 Ba5 48. e5 Qxe5 49. b4 Bb6 50. Kc4+ Kg7 51. Kb5 Bxf2 52. Qg4+ Kf8
53. Qc8+ Kg7 54. Qg4+ Kf8 55. Be4 Qe8+ 56. Kc4 Qxa4 57. Qc8+ Kg7 58. Qg4+ Kf8
59. Qc8+ Kg7 60. Qg4+ Kf8 1/2-1/2

[Event "24. Copenhagen Open  (Politiken Cup)"]
[Site "Copenhagen"]
[Date "2002.07.15"]
[Round "1"]
[White "Andreasen, Bjarke"]
[Black "Romsdal, Trond"]
[Result "0-1"]
[WhiteElo "1616"]
[BlackElo "2205"]
[PlyCount "82"]
[EventDate "2002.07.15"]
[EventType "swiss"]
[EventRounds "11"]
[EventCountry "DEN"]
[SourceDate "2004.01.01"]

1. d4 Nf6 2. Nf3 e6 3. Bg5 c5 4. c3 Nc6 5. e3 d5 6. Nbd2 Be7 7. Bd3 Qb6 8. Rb1
O-O 9. O-O Re8 10. Ne5 Nxe5 11. dxe5 Nd7 12. Bxe7 Rxe7 13. Qe2 Nxe5 14. Bxh7+
Kxh7 15. Qh5+ Kg8 16. Qxe5 Qc7 17. Qxc7 Rxc7 18. e4 b6 19. exd5 exd5 20. Rfe1
Be6 21. a3 Rd8 22. Nf3 d4 23. Rbd1 Bd5 24. cxd4 Bxf3 25. gxf3 cxd4 26. Rd3 Rc2
27. b4 Kf8 28. Kg2 f5 29. f4 Kf7 30. Red1 Rc4 31. Kf3 Rd6 32. Ke2 g6 33. f3 Ke6
34. Rb3 Kd5 35. Rdd3 Re6+ 36. Kd2 Rec6 37. Ke2 Rc1 38. Rb2 Rh1 39. Rbd2 Rxh2+
40. Kd1 Rxd2+ 41. Kxd2 Re6 0-1

[Event "24. Copenhagen Open  (Politiken Cup)"]
[Site "Copenhagen"]
[Date "2002.07.15"]
[Round "1"]
[White "Bilfeldt, Anders"]
[Black "Christensen, Esben"]
[Result "0-1"]
[WhiteElo "1287"]
[BlackElo "2099"]
[PlyCount "112"]
[EventDate "2002.07.15"]
[EventType "swiss"]
[EventRounds "11"]
[EventCountry "DEN"]
[SourceDate "2004.01.01"]

1. d4 Nf6 2. c4 c5 3. d5 b5 4. cxb5 a6 5. bxa6 Bxa6 6. Nc3 g6 7. g3 d6 8. Bg2
Bg7 9. Nf3 O-O 10. O-O Nbd7 11. Re1 Qb6 12. Qc2 Rfb8 13. e4 Ng4 14. Rb1 Nge5
15. Nxe5 Nxe5 16. Rd1 Qb4 17. a3 Qb3 18. Qxb3 Rxb3 19. a4 Nd3 20. Bf1 Nxc1 21.
Bxa6 Rxa6 22. Rdxc1 Rab6 23. Nb5 Rb4 24. b3 Rxe4 25. Re1 Rxe1+ 26. Rxe1 Kf8 27.
Kf1 Ke8 28. Ke2 Kd7 29. Kd3 Ra6 30. Kc4 e6 31. f3 h5 32. f4 Bf6 33. h4 Ra8 34.
Re2 Bd8 35. Re3 Ba5 36. Nc3 Re8 37. Ne4 Rb8 38. dxe6+ fxe6 39. Nf6+ Ke7 40.
Nd5+ Kf7 41. Nc3 Rb4+ 42. Kd3 Rxb3 43. Kc2 Rxc3+ 44. Rxc3 Bxc3 45. Kxc3 Ke7 46.
Kc4 Kd7 47. Kb5 Kc7 48. a5 Kb7 49. a6+ Ka7 50. Kc6 c4 51. Kxd6 c3 52. Kxe6 c2
53. Kf6 c1=Q 54. Kxg6 Qd1 55. f5 Qg4+ 56. Kf6 Qxg3 0-1

[Event "24. Copenhagen Open  (Politiken Cup)"]
[Site "Copenhagen"]
[Date "2002.07.15"]
[Round "1"]
[White "Bjerke, Silje"]
[Black "Schandorff, Lars"]
[Result "0-1"]
[WhiteElo "2064"]
[BlackElo "2547"]
[PlyCount "80"]
[EventDate "2002.07.15"]
[EventType "swiss"]
[EventRounds "11"]
[EventCountry "DEN"]
[SourceDate "2004.01.01"]

1. d4 Nf6 2. c4 e6 3. Nc3 Bb4 4. Qc2 O-O 5. a3 Bxc3+ 6. Qxc3 b6 7. Bg5 Bb7 8.
f3 h6 9. Bh4 d5 10. e3 Nbd7 11. cxd5 Nxd5 12. Bxd8 Nxc3 13. Bh4 Nd5 14. Bf2 f5
15. Bc4 Kh7 16. Ne2 e5 17. O-O-O e4 18. Bxd5 Bxd5 19. Nc3 Nf6 20. f4 Bc4 21. h3
Rac8 22. Bh4 Bd3 23. Kd2 c5 24. dxc5 bxc5 25. Rc1 Rb8 26. Nd1 c4 27. Bxf6 Rxf6
28. h4 Rfb6 29. Rg1 a5 30. g3 R8b7 31. Rh1 Kg8 32. Rg1 Kf7 33. Rh1 Ke6 34. Rg1
h5 35. Rh1 Kd6 36. Rg1 Kc5 37. Ra1 Rxb2+ 38. Nxb2 Rxb2+ 39. Kc1 c3 40. Re1 Kc4
0-1

[Event "24. Copenhagen Open  (Politiken Cup)"]
[Site "Copenhagen"]
[Date "2002.07.15"]
[Round "1"]
[White "Bogdanov, Dimitri"]
[Black "Dogru, Latif"]
[Result "1-0"]
[WhiteElo "2096"]
[BlackElo "1224"]
[PlyCount "49"]
[EventDate "2002.07.15"]
[EventType "swiss"]
[EventRounds "11"]
[EventCountry "DEN"]
[SourceDate "2004.01.01"]

1. e4 c5 2. Nc3 g6 3. f4 Bg7 4. Nf3 d6 5. Bb5+ Bd7 6. Bxd7+ Nxd7 7. O-O Ngf6 8.
d3 O-O 9. Qe1 Re8 10. Qh4 Rc8 11. f5 Nh5 12. g4 Bf6 13. Bg5 Bxg5 14. Nxg5 Nhf6
15. fxg6 fxg6 16. Ne6 Qb6 17. Qh6 Kf7 18. Ng5+ Kg8 19. Nxh7 Qxb2 20. Qxg6+ Kh8
21. Ng5 Ne5 22. Qh6+ Kg8 23. Nd5 Qd4+ 24. Kh1 Nexg4 25. Qg6+ 1-0

[Event "24. Copenhagen Open  (Politiken Cup)"]
[Site "Copenhagen"]
[Date "2002.07.15"]
[Round "1"]
[White "Bogdanov, Max"]
[Black "Grahn, Lars"]
[Result "0-1"]
[WhiteElo "1302"]
[BlackElo "2108"]
[PlyCount "82"]
[EventDate "2002.07.15"]
[EventType "swiss"]
[EventRounds "11"]
[EventCountry "DEN"]
[SourceDate "2004.01.01"]

1. d4 d5 2. c4 e6 3. Nc3 Nf6 4. Nf3 c6 5. Bf4 dxc4 6. e3 b5 7. a4 Qb6 8. Be2
Bb4 9. Rb1 Nd5 10. Qc2 Nxf4 11. exf4 O-O 12. O-O Be7 13. h4 g6 14. Ne4 f5 15.
Neg5 Bf6 16. Rfd1 h6 17. Nh3 a6 18. Ne5 Kg7 19. h5 Rd8 20. Qc3 Bxe5 21. dxe5
gxh5 22. Bxh5 Kh7 23. Qg3 Rg8 24. Qh4 Qc7 25. Qf6 Qg7 26. g3 Qxf6 27. exf6 Rf8
28. f7 Nd7 29. Bf3 Rxf7 30. Bxc6 Rb8 31. Rd6 Nc5 32. axb5 axb5 33. Rd8 Rc7 34.
Bf3 Nd3 35. g4 fxg4 36. Bxg4 Rg7 37. f3 h5 38. Ng5+ Rxg5 39. fxg5 hxg4 40. fxg4
Ra8 41. Kg2 Bb7+ 0-1

[Event "24. Copenhagen Open  (Politiken Cup)"]
[Site "Copenhagen"]
[Date "2002.07.15"]
[Round "1"]
[White "Borvander, Tom"]
[Black "McShane, Rod"]
[Result "1-0"]
[WhiteElo "2166"]
[BlackElo "1500"]
[PlyCount "59"]
[EventDate "2002.07.15"]
[EventType "swiss"]
[EventRounds "11"]
[EventCountry "DEN"]
[SourceDate "2004.01.01"]

1. d4 Nf6 2. c4 g6 3. Nc3 Bg7 4. e4 d6 5. f3 O-O 6. Bg5 Nbd7 7. Nh3 b6 8. Be2
c6 9. Nf2 Qe8 10. Qd2 e5 11. d5 cxd5 12. Nxd5 Nxd5 13. Qxd5 Ba6 14. Qxd6 Nc5
15. Ng4 Nb7 16. Qa3 Nc5 17. b4 Qa4 18. Qxa4 Nxa4 19. Rc1 f6 20. Be3 Rac8 21.
O-O Nb2 22. b5 Bb7 23. c5 bxc5 24. Bxc5 Rfd8 25. Be3 Ra8 26. Rc7 Rdb8 27. Rb1
Na4 28. Rd1 Nb6 29. Bxb6 axb6 30. Rdd7 1-0

[Event "24. Copenhagen Open  (Politiken Cup)"]
[Site "Copenhagen"]
[Date "2002.07.15"]
[Round "1"]
[White "Brinck Claussen, Bjorn"]
[Black "Vang, Finnbjorn"]
[Result "0-1"]
[WhiteElo "2369"]
[BlackElo "1937"]
[PlyCount "60"]
[EventDate "2002.07.15"]
[EventType "swiss"]
[EventRounds "11"]
[EventCountry "DEN"]
[SourceDate "2004.01.01"]

1. e4 e5 2. Nf3 Nc6 3. Bb5 a6 4. Ba4 Nf6 5. O-O b5 6. Bb3 Be7 7. Re1 d6 8. c3
O-O 9. h3 h6 10. d4 exd4 11. cxd4 Na5 12. Bc2 c5 13. b3 Nc6 14. Nbd2 cxd4 15.
Bb2 Nb4 16. Bb1 d3 17. Nd4 Bb7 18. a3 Nc2 19. Nxc2 dxc2 20. Qxc2 g6 21. Qc3 Kh7
22. b4 Rc8 23. Qb3 Nh5 24. Nf3 Bf6 25. Ba2 Nf4 26. Rad1 Qe7 27. Bxf6 Qxf6 28.
Rd4 Rc1 29. Qe3 Rxe1+ 30. Nxe1 Qxd4 0-1

[Event "24. Copenhagen Open  (Politiken Cup)"]
[Site "Copenhagen"]
[Date "2002.07.15"]
[Round "1"]
[White "Brondum, Eric"]
[Black "Auchenberg, Einar"]
[Result "1-0"]
[WhiteElo "2219"]
[BlackElo "1654"]
[PlyCount "85"]
[EventDate "2002.07.15"]
[EventType "swiss"]
[EventRounds "11"]
[EventCountry "DEN"]
[SourceDate "2004.01.01"]

1. d4 Nf6 2. Nf3 e6 3. c4 Bb4+ 4. Bd2 Qe7 5. Nc3 Bxc3 6. Bxc3 Ne4 7. Qc2 f5 8.
e3 b6 9. Bd3 Nxc3 10. Qxc3 Qf6 11. O-O-O c5 12. Qa3 Na6 13. e4 cxd4 14. Qd6 e5
15. Qxe5+ Qxe5 16. Nxe5 Nb4 17. exf5 d6 18. Nf3 Nxa2+ 19. Kb1 Nb4 20. Rhe1+ Kf7
21. Be4 d5 22. cxd5 d3 23. Ne5+ Kf6 24. Nxd3 Nxd3 25. Rxd3 Ba6 26. Rc3 Rhe8 27.
f3 Bb7 28. Rd1 Re7 29. Rd4 Rae8 30. b4 Ke5 31. Rd2 h5 32. Kb2 Kd6 33. Rdc2 Rxe4
34. fxe4 Rxe4 35. Rc4 Bxd5 36. Rxe4 Bxe4 37. Rd2+ Kc6 38. Rf2 Kb5 39. g3 Kc4
40. f6 gxf6 41. Rxf6 Bd5 42. Rf4+ Kd3 43. Rf5 1-0

[Event "24. Copenhagen Open  (Politiken Cup)"]
[Site "Copenhagen"]
[Date "2002.07.15"]
[Round "1"]
[White "Christensen, Christian"]
[Black "Rusanov, Alex"]
[Result "1-0"]
[WhiteElo "2131"]
[BlackElo "1429"]
[PlyCount "45"]
[EventDate "2002.07.15"]
[EventType "swiss"]
[EventRounds "11"]
[EventCountry "DEN"]
[SourceDate "2004.01.01"]

1. e4 c5 2. Nc3 d6 3. g3 Nf6 4. Bg2 g6 5. Nge2 Bg7 6. O-O O-O 7. h3 Nc6 8. d3
h6 9. Be3 Bd7 10. Qd2 Kh7 11. g4 Rh8 12. f4 Kg8 13. Rad1 Ne8 14. d4 cxd4 15.
Nxd4 h5 16. g5 Qc8 17. Kh2 Nc7 18. Qf2 Ne6 19. Nxc6 Qxc6 20. Nd5 Bf8 21. f5
Nxg5 22. Bxg5 f6 23. fxg6 1-0

[Event "24. Copenhagen Open  (Politiken Cup)"]
[Site "Copenhagen"]
[Date "2002.07.15"]
[Round "1"]
[White "Christensen, Christoffer"]
[Black "Arngrimsson, Dagur"]
[Result "0-1"]
[WhiteElo "1464"]
[BlackElo "2149"]
[PlyCount "38"]
[EventDate "2002.07.15"]
[EventType "swiss"]
[EventRounds "11"]
[EventCountry "DEN"]
[SourceDate "2004.01.01"]

1. e4 e5 2. f4 d5 3. exd5 exf4 4. Nf3 Qxd5 5. d4 Bd6 6. Nc3 Qe6+ 7. Kf2 Ne7 8.
Ng5 Qh6 9. Nce4 O-O 10. c4 c5 11. d5 Be5 12. Nf3 Bg4 13. Nxc5 Qb6 14. b4 Bxa1
15. Bxf4 Bc3 16. Bd3 Bxf3 17. Qxf3 Bxb4 18. Qh5 Bxc5+ 19. Ke2 Ng6 0-1

[Event "24. Copenhagen Open  (Politiken Cup)"]
[Site "Copenhagen"]
[Date "2002.07.15"]
[Round "1"]
[White "Christensen, Janus"]
[Black "Svensson, Bengt"]
[Result "0-1"]
[WhiteElo "1961"]
[BlackElo "2398"]
[PlyCount "56"]
[EventDate "2002.07.15"]
[EventType "swiss"]
[EventRounds "11"]
[EventCountry "DEN"]
[SourceDate "2004.01.01"]

1. e4 c5 2. Nf3 d6 3. d4 cxd4 4. Nxd4 Nf6 5. Nc3 a6 6. f4 e5 7. Nb3 Qc7 8. Be2
Be7 9. Be3 b5 10. Bf3 Nbd7 11. g4 b4 12. Ne2 exf4 13. e5 Nxg4 14. Bxf4 dxe5 15.
Bxa8 exf4 16. Qd4 Ne3 17. Be4 Bh4+ 18. Kd2 Nc4+ 19. Kd1 Bf6 20. Qf2 Bxb2 21.
Nxf4 Bxa1 22. Nd5 Qd6 23. Re1 Be5 24. Kc1 Qh6+ 25. Kd1 O-O 26. Qf5 Nc5 27. Ne7+
Kh8 28. Nxc8 Nxb3 0-1

[Event "24. Copenhagen Open  (Politiken Cup)"]
[Site "Copenhagen"]
[Date "2002.07.15"]
[Round "1"]
[White "Cohen, Ronnie"]
[Black "Sylvan, Jacob"]
[Result "0-1"]
[WhiteElo "1800"]
[BlackElo "2259"]
[PlyCount "114"]
[EventDate "2002.07.15"]
[EventType "swiss"]
[EventRounds "11"]
[EventCountry "DEN"]
[SourceDate "2004.01.01"]

1. e4 g6 2. d4 Bg7 3. Nf3 d6 4. h3 c6 5. Bc4 b5 6. Bb3 h6 7. O-O Nd7 8. Re1 Qc7
9. Bf4 e5 10. dxe5 dxe5 11. Be3 Ngf6 12. Nbd2 O-O 13. Rc1 c5 14. a4 c4 15. Ba2
a6 16. c3 Bb7 17. Bb1 Nc5 18. Bxc5 Qxc5 19. b4 Qc7 20. a5 Rad8 21. Qe2 Nh5 22.
g3 Bf6 23. h4 g5 24. hxg5 hxg5 25. Rcd1 Ng7 26. Nh2 Bc8 27. Ng4 Qe7 28. Kg2 Ne8
29. Nh6+ Kg7 30. Rh1 Nd6 31. Rh2 Rh8 32. Rdh1 Qe6 33. Nf1 Bb7 34. Ne3 Kf8 35.
Neg4 Bg7 36. f3 Qe7 37. Nf5 Rxh2+ 38. Rxh2 Nxf5 39. exf5 e4 40. Bxe4 Bxe4 41.
fxe4 Bxc3 42. Kf1 Qd6 43. f6 Qd1+ 44. Qxd1 Rxd1+ 45. Kg2 Rd2+ 46. Kh3 Rxh2+ 47.
Kxh2 Bxb4 48. Ne5 c3 49. Nd3 Ba3 50. Kg2 c2 51. Kf2 c1=Q 52. Nxc1 Bxc1 53. Ke2
Bb2 54. g4 Bxf6 55. Kd3 Bd8 56. e5 Bxa5 57. e6 fxe6 0-1

[Event "24. Copenhagen Open  (Politiken Cup)"]
[Site "Copenhagen"]
[Date "2002.07.15"]
[Round "1"]
[White "Collins, Sam"]
[Black "Abdagic, Edib"]
[Result "1-0"]
[WhiteElo "2313"]
[BlackElo "1832"]
[PlyCount "167"]
[EventDate "2002.07.15"]
[EventType "swiss"]
[EventRounds "11"]
[EventCountry "DEN"]
[SourceDate "2004.01.01"]

1. e4 e5 2. Nf3 f5 3. Nxe5 Qf6 4. Nc4 fxe4 5. Nc3 c6 6. Nxe4 Qe6 7. Qe2 d5 8.
Ned6+ Kd7 9. Qxe6+ Kxe6 10. Nxc8 dxc4 11. Bxc4+ Kd7 12. Nxa7 Rxa7 13. d4 Ra4
14. b3 Bb4+ 15. Ke2 Ra5 16. a3 Bd6 17. Bd2 Rh5 18. h3 Nf6 19. g4 Re8+ 20. Kf3
Rd5 21. Bxd5 cxd5 22. c4 Nc6 23. Be3 Na5 24. c5 Be7 25. Rab1 Ne4 26. h4 h6 27.
a4 Bf6 28. Kg2 Bd8 29. Rb2 Re6 30. h5 Bf6 31. Rc1 Nc6 32. b4 Bg5 33. b5 Na5 34.
f4 Bf6 35. f5 Re7 36. Rbc2 Kc8 37. c6 b6 38. Rb1 Nd6 39. Bf4 Ndc4 40. Rc3 Re4
41. Kf3 Bxd4 42. Rd3 Be5 43. Bc1 Re1 44. Rxd5 Bf6 45. g5 hxg5 46. h6 gxh6 47.
Bxg5 Rxb1 48. Bxf6 Re1 49. Rd8+ Kc7 50. Rd7+ Kc8 51. Rd8+ Kc7 52. Ra8 Nxc6 53.
bxc6 Rf1+ 54. Ke4 Nd6+ 55. Kd5 Rxf5+ 56. Be5 Rxe5+ 57. Kxe5 Kxc6 58. Kd4 Nb7
59. Kc4 Nd6+ 60. Kb4 Kb7 61. Rh8 Ka6 62. Rxh6 Nb7 63. Rh8 Na5 64. Rc8 Kb7 65.
Rh8 Ka6 66. Rg8 Nc6+ 67. Kc4 Na5+ 68. Kc3 Nc6 69. Kc4 Na5+ 70. Kd5 Kb7 71. Rh8
Ka6 72. Rh7 Nb3 73. Kc6 Na5+ 74. Kc7 Nc4 75. Rh5 Nb2 76. Rb5 Nxa4 77. Kc6 Ka7
78. Rb4 Nc3 79. Rxb6 Ne4 80. Rb7+ Ka8 81. Rb4 Nf6 82. Rf4 Nh5 83. Rf5 Ng3 84.
Rf3 1-0

[Event "24. Copenhagen Open  (Politiken Cup)"]
[Site "Copenhagen"]
[Date "2002.07.15"]
[Round "1"]
[White "Dalsberg, Sandra de Blecourt"]
[Black "Hansen, Erik Friberg"]
[Result "1-0"]
[WhiteElo "2082"]
[BlackElo "1138"]
[PlyCount "79"]
[EventDate "2002.07.15"]
[EventType "swiss"]
[EventRounds "11"]
[EventCountry "DEN"]
[SourceDate "2004.01.01"]

1. d4 d5 2. c4 Nf6 3. cxd5 Nxd5 4. e4 Nf6 5. Nc3 e5 6. d5 Bd6 7. Nf3 a6 8. Be2
O-O 9. O-O Nbd7 10. a4 b6 11. Qc2 Re8 12. Bg5 h6 13. Bh4 Nf8 14. Rae1 Ng6 15.
Bg3 Nh5 16. Nd2 Nhf4 17. Nc4 Bd7 18. Kh1 Rf8 19. Ne3 Qc8 20. Nf5 Qd8 21. Qd1
Qg5 22. h4 Qf6 23. h5 Bxf5 24. exf5 Nh4 25. Ne4 Qxf5 26. Bg4 Qh7 27. Bxh4 f5
28. Nxd6 cxd6 29. Be2 g5 30. hxg6 Qxg6 31. g3 Nxe2 32. Qxe2 e4 33. Qe3 Qg4 34.
Qxh6 Qh3+ 35. Kg1 Rf7 36. Qg6+ Rg7 37. Qe6+ Kf8 38. Qxd6+ Kg8 39. Qe6+ Kh7 40.
Rxe4 1-0

[Event "24. Copenhagen Open  (Politiken Cup)"]
[Site "Copenhagen"]
[Date "2002.07.15"]
[Round "1"]
[White "El Kher, Henrik"]
[Black "Mathiesen, Erik"]
[Result "1-0"]
[WhiteElo "2355"]
[BlackElo "1958"]
[PlyCount "47"]
[EventDate "2002.07.15"]
[EventType "swiss"]
[EventRounds "11"]
[EventCountry "DEN"]
[SourceDate "2004.01.01"]

1. e4 e5 2. Nf3 Nf6 3. Nc3 Nc6 4. Bb5 Bc5 5. O-O d6 6. d4 exd4 7. Nd5 h6 8.
Nxd4 Bd7 9. Nb3 Ne5 10. Nxc5 Bxb5 11. Nxb7 Qb8 12. Nxc7+ Qxc7 13. Nxd6+ Ke7 14.
Nxb5 Qb6 15. a4 Rhd8 16. Qe2 a6 17. Nc3 Kf8 18. b3 Rac8 19. Nd5 Nxd5 20. exd5
Ng6 21. Ba3+ Kg8 22. Rad1 Nf4 23. Qf3 Qf6 24. c4 1-0

[Event "24. Copenhagen Open  (Politiken Cup)"]
[Site "Copenhagen"]
[Date "2002.07.15"]
[Round "1"]
[White "Eriksson, Magnus"]
[Black "Mortensen, Erling"]
[Result "0-1"]
[WhiteElo "2010"]
[BlackElo "2450"]
[PlyCount "54"]
[EventDate "2002.07.15"]
[EventType "swiss"]
[EventRounds "11"]
[EventCountry "DEN"]
[SourceDate "2004.01.01"]

1. e4 c5 2. Nf3 Nc6 3. d4 cxd4 4. Nxd4 Qc7 5. Nc3 e6 6. Be2 a6 7. a3 b5 8. O-O
Bb7 9. Nxc6 Bxc6 10. Bf3 Bd6 11. h3 Ne7 12. Re1 O-O 13. Qe2 Ng6 14. g3 a5 15.
Bg2 b4 16. axb4 axb4 17. Rxa8 Rxa8 18. Nb5 Bxb5 19. Qxb5 Qxc2 20. Be3 Qxb2 21.
Qxd7 Bf8 22. Kh2 h5 23. h4 Ne5 24. Qd4 Ng4+ 25. Kg1 Qxd4 26. Bxd4 e5 27. Ba1
Bc5 0-1

[Event "24. Copenhagen Open  (Politiken Cup)"]
[Site "Copenhagen"]
[Date "2002.07.15"]
[Round "1"]
[White "Frank Nielsen, Marie"]
[Black "Rossen, Claus"]
[Result "1-0"]
[WhiteElo "1544"]
[BlackElo "2185"]
[PlyCount "53"]
[EventDate "2002.07.15"]
[EventType "swiss"]
[EventRounds "11"]
[EventCountry "DEN"]
[SourceDate "2004.01.01"]

1. e4 c5 2. Bc4 Nc6 3. Ne2 e6 4. Nbc3 Nge7 5. Nf4 a6 6. a4 Nd4 7. O-O Nec6 8.
Nce2 Be7 9. c3 Nxe2+ 10. Nxe2 d5 11. exd5 exd5 12. Ba2 O-O 13. d4 c4 14. Bb1
Bd6 15. Ng3 Qh4 16. Qf3 Ne7 17. h3 g5 18. Qf6 Bf4 19. Qxe7 f6 20. Nf5 Bxf5 21.
Bxf5 Rae8 22. Qxb7 Re2 23. Qxd5+ Kh8 24. Qf3 Rfe8 25. g3 Rxf2 26. Kxf2 Re2+ 27.
Kxe2 1-0

[Event "24. Copenhagen Open  (Politiken Cup)"]
[Site "Copenhagen"]
[Date "2002.07.15"]
[Round "1"]
[White "Gutierrez Castillo, Paloma"]
[Black "Opstrup, Niels"]
[Result "1-0"]
[WhiteElo "2088"]
[BlackElo "1196"]
[PlyCount "73"]
[EventDate "2002.07.15"]
[EventType "swiss"]
[EventRounds "11"]
[EventCountry "DEN"]
[SourceDate "2004.01.01"]

1. e4 d5 2. exd5 Nf6 3. Nc3 e6 4. dxe6 Bxe6 5. Nf3 Bb4 6. a3 Bxc3 7. dxc3 Qxd1+
8. Kxd1 O-O 9. Bd3 Nbd7 10. Bf4 c6 11. Nd4 Rfe8 12. Nxe6 fxe6 13. Re1 Nc5 14.
Kd2 Rad8 15. f3 Na4 16. b3 Nb6 17. Rad1 Rd7 18. Kc1 Nbd5 19. Be5 b5 20. c4 bxc4
21. Bxc4 Nb6 22. Bf1 Rd5 23. g3 Kf7 24. Bh3 h6 25. c4 Rd7 26. Kc2 a5 27. Bd4
Rb7 28. Bxb6 Rxb6 29. Rd6 Reb8 30. Bxe6+ Kf8 31. c5 Ra6 32. Bc4 Ra7 33. Rxc6
Rd8 34. Re2 Ne8 35. Ra6 Rxa6 36. Bxa6 Nc7 37. Bc4 1-0

[Event "24. Copenhagen Open  (Politiken Cup)"]
[Site "Copenhagen"]
[Date "2002.07.15"]
[Round "1"]
[White "Hagen, Andreas Skytte"]
[Black "Volokitin, Alexander"]
[Result "1-0"]
[WhiteElo "2185"]
[BlackElo "1600"]
[PlyCount "87"]
[EventDate "2002.07.15"]
[EventType "swiss"]
[EventRounds "11"]
[EventCountry "DEN"]
[SourceDate "2004.01.01"]

1. c4 g6 2. g3 Bg7 3. Bg2 c5 4. Nc3 Nc6 5. a3 Nf6 6. Rb1 O-O 7. b4 d6 8. Nf3
Bf5 9. d3 Qc8 10. Qb3 Bh3 11. O-O Bxg2 12. Kxg2 Nd4 13. Nxd4 cxd4 14. Nd5 Nxd5
15. cxd5 Qc3 16. Qa2 Rac8 17. Bg5 Qc7 18. Rbc1 Qd7 19. Rxc8 Rxc8 20. Rc1 Rxc1
21. Bxc1 e6 22. Qc4 Kf8 23. b5 h6 24. a4 Ke7 25. dxe6 fxe6 26. Bb2 e5 27. Qg8
Kf6 28. Qd5 Bf8 29. a5 Qf7 30. Qf3+ Kg7 31. Qe4 Kf6 32. Ba3 Kg7 33. Bb4 Kh7 34.
Bd2 Bg7 35. Qf3 Kg8 36. a6 Qxf3+ 37. Kxf3 bxa6 38. bxa6 d5 39. Ba5 e4+ 40. dxe4
d3 41. exd3 Bd4 42. exd5 Kf7 43. Bd2 g5 44. Be3 1-0

[Event "24. Copenhagen Open  (Politiken Cup)"]
[Site "Copenhagen"]
[Date "2002.07.15"]
[Round "1"]
[White "Hansen, Martin Holmegaard"]
[Black "Greger, Roland Reinhard"]
[Result "0-1"]
[WhiteElo "1926"]
[BlackElo "2365"]
[PlyCount "122"]
[EventDate "2002.07.15"]
[EventType "swiss"]
[EventRounds "11"]
[EventCountry "DEN"]
[SourceDate "2004.01.01"]

1. d4 Nf6 2. Nf3 e6 3. c4 b6 4. g3 Bb7 5. Bg2 Be7 6. O-O O-O 7. Nc3 Ne4 8. Qc2
Nxc3 9. Qxc3 f5 10. Ne5 Bxg2 11. Kxg2 d6 12. Nd3 Bf6 13. Nf4 Qe8 14. Qe3 e5 15.
Nd5 Qf7 16. Nxf6+ Qxf6 17. dxe5 dxe5 18. Bd2 Nc6 19. Bc3 Nd4 20. Qd3 Rad8 21.
Bxd4 Rxd4 22. Qb3 Rd2 23. c5+ Qf7 24. cxb6 axb6 25. Rac1 Rc8 26. Qb5 h6 27.
Rfd1 Rxd1 28. Rxd1 e4 29. Qd7 Re8 30. Rd5 g6 31. Qc6 Qe6 32. Qd7 Re7 33. Qb5
Re8 34. Qd7 Re7 35. Qb5 f4 36. Rd8+ Kh7 37. Qd5 Qxd5 38. Rxd5 fxg3 39. hxg3 Kg7
40. Rd4 Kf6 41. Rc4 c5 42. b4 Ke5 43. bxc5 Kd5 44. Rc1 bxc5 45. Rd1+ Kc6 46. g4
c4 47. Kg3 Kc5 48. Kf4 c3 49. Ke3 Re6 50. Rc1 Kc4 51. Rc2 Rd6 52. Rc1 Rd2 53.
Rb1 Rd6 54. Rc1 g5 55. Kxe4 Rd2 56. Rh1 Rxe2+ 57. Kf5 Rxf2+ 58. Ke5 Rxa2 59.
Rxh6 Ra5+ 60. Ke4 c2 61. Kf3 c1=Q 0-1

[Event "24. Copenhagen Open  (Politiken Cup)"]
[Site "Copenhagen"]
[Date "2002.07.15"]
[Round "1"]
[White "Hansen, Torbjorn Ringdal"]
[Black "Hesselberg, Leif"]
[Result "1-0"]
[WhiteElo "2280"]
[BlackElo "1825"]
[PlyCount "87"]
[EventDate "2002.07.15"]
[EventType "swiss"]
[EventRounds "11"]
[EventCountry "DEN"]
[SourceDate "2004.01.01"]

1. c4 Nf6 2. Nc3 e5 3. Nf3 Nc6 4. e3 Bb4 5. Qc2 O-O 6. Nd5 d6 7. a3 Ba5 8. b4
Bb6 9. Nxb6 axb6 10. Bb2 e4 11. Nd4 Re8 12. h3 Ne5 13. Be2 c5 14. Nb5 Bf5 15.
g4 Bg6 16. g5 Nd3+ 17. Bxd3 exd3 18. Qc3 Nh5 19. bxc5 dxc5 20. Rg1 Qd7 21.
O-O-O Re4 22. f3 Rh4 23. e4 Rxh3 24. Rh1 Rd8 25. Kb1 f6 26. gxf6 Nxf6 27. Ka2
Rxf3 28. Rde1 Bxe4 29. Rhg1 Bg6 30. Rg5 Rf5 31. Rg3 Rf4 32. Rge3 Bf7 33. Re7
Qxb5 34. Rxf7 Qxc4+ 35. Qxc4 Rxc4 36. Rxb7 Rc2 37. Kb1 Rxd2 38. Rg1 Rf2 39.
Rgxg7+ Kh8 40. Rxh7+ Kg8 41. Rbg7+ Kf8 42. Rf7+ Ke8 43. Bxf6 Rf1+ 44. Kb2 1-0